| 000 | 00384cam a22001217a 4500 | ||
|---|---|---|---|
| 008 | 180718b1955 xxu||||| |||| 00| 0 eng d | ||
| 082 | _aA81x5421 In2/51/10 | ||
| 100 | _aCensus of India 1951 | ||
| 245 | _aUttar Pradesh district census handbook, Etah | ||
| 260 |
_aAllahabad _bSuperintendent, Census Operations _c1955 |
||
| 300 | _a202+p. | ||
| 440 | _aCensus of India 1951. Uttar Pradesh | ||
| 999 |
_c483722 _d483722 |
||